Normal view
MARC view
- ANIMATION TOOLKIT-C PLUS PLUS C PLUS PLUS
Entry Topical Term
001 - CONTROL NUMBER
- control field: 67521
003 - CONTROL NUMBER IDENTIFIER
- control field: NUST
005 - DATE AND TIME OF LATEST TRANSACTION
- control field: 20210628203835.0
008 - FIXED-LENGTH DATA ELEMENTS
- fixed length control field: 210628|| aca||aabn | a|a d
040 ## - CATALOGING SOURCE
- Original cataloging agency: NUST
- Transcribing agency: NUST
150 ## - HEADING--TOPICAL TERM
- Topical term or geographic name entry element: ANIMATION TOOLKIT-C PLUS PLUS C PLUS PLUS
670 ## - SOURCE DATA FOUND
- Source citation: Work cat.: (NUST): Bradford, Rex.E 67520, Real time animation , toolkit in c plus plus, 1995
